Представление документа в формате MARC21

Поле Инд. ПП Название Значение
Тип записи a
Библиографический уровень b
001 Контрольный номер dd8f79ac1f164fb3aecdcd74032dba7c
005 Дата корректировки 20230418121211.5
024 80 a Стандартный номер 10.31857/S0132347423020024
040 a Служба первич. каталог. РИНЦ
b Код языка каталог. rus
041 0_ a Код языка текста rus
097 a Василенко М.А.
100 1_ a Автор Абрамов С. А.
100 1_ a Автор Боголюбская А. А.
c Титул (звания) ; кандидат физико-математических наук; доцент (должность);
i 000089047
g Прочие сведения РИНЦ AuthorID: 276716 (http://elibrary.ru/author_items.asp?authorid=276716); Scopus Author ID: 12800140600 (https://www.scopus.com/authid/detail.uri?authorId=12800140600)
k Кафедра информационных технологий; Институт системного анализа и управления
q Полное имя Боголюбская Алла Анатольевна
u Дополнение Боголюбская А. А.
245 10 a Заглавие Семинар по компьютерной алгебре в 2021–2022 г.
773 18 t Название источника Программирование
b Сведения об издании Федеральное государственное унитарное предприятие "Академический научно-издательский, производственно-полиграфический и книгораспространительский центр "Наука"
c Москва
d Место и дата издания 2023
m Специф. данные входит в ядро РИНЦ;журнал из перечня ВАК; входит в базу данных RSCI; ненулевой импакт-фактор;
x ISSN 0132-3474
g Прочая информация № 2. - С. 3 - 4
w Контрольный № источника f954ef33242b4a1ebf00b256c4bd98b9
856 40 u URL https://elibrary.ru/item.asp?id=50436308
901 t Тип документа b
952 c Вид литературы статья в журнале